000 02423nam a2200241 4500
001 vtls002152760
003 MY-SjTCS
005 20200306153725.0
008 110218s1995 enka 00 eng
020 _a0582254191
039 9 _a201909181033
_bummi
_c201102181421
_dVLOAD
_c200811241755
_dVLOAD
_y200407271926
_zVLOAD
082 0 4 _a428.24
_bONE
100 1 _aO'Neill, Robert.
_9201876
245 1 0 _aClassic English :
_bstudents' book with workbook /
_cby Robert O'Neill with Gaynor Ramsey.
260 _aHarlow, England :
_bLongman,
_c1995
300 _a128 p. :
_bill. (some col.) ;
_c27 cm.
505 0 _a1. Hello. - 2. Where is it?. - 3. The exact time. - 4. Where are you from?. - 5. How much is it?. - 6. A street near Victoria. - 7. London. - 8. How are you?. - 9. Is that your wallet. - 10. Where are we now?. - Progress Check 1. - 11. Where do they live? - 12. One of the windows is open. - 13 Yes and no. - 14. Four people. - 15. What do you do? - 16. A flat in London. - 17. Can you hear me? - 18. More about Bernard. - 19. What's your phone number? - 20. Have you got the time? - Progress Check 2. - 21. Two families. - 22. What do i get? - 23. Who are they? - 24. What are you doing? - 25. What are they Doing? - 26. Who is he? - 27. Today and tomorrow. - 28. Wednesday evening. - 29. The answer. - 30. How long are you staying? - Progress Check 3. - 31. Thursday morning. - 32. Are you afraid? - 33. A strange question. - 34. The woman with Green Eyes. - 35. What about lunch? - 36. Do you need a doctor? - 37. What happened yesterday? 0 38. How strange. - 39. How strange. - 39. I didn't know. - 40. Why didn't he tell me? - Progress Check 4. - Classic Extra Keys. - Progress Check Keys. - Tapescripts. - Word List. - Acknowledgements.
520 _aAssuming no previous knowledge of English, Classic English contains 80-90 hours' teaching material and can be used as preparation for any false beginner course. Suitable for mature learners, it can be used equally successfully with people who want some knowledge of English for leisure or travel, but who do not want to go on to study the language intensively. - Back cover.
650 0 _aEnglish language
_vTextbooks for foreign speakers.
_910818
650 0 _aEnglish language
_xStudy and teaching
_xForeign speakers.
_9461
700 1 _aRamsey, Gaynor.
_e(j.a.)
_92428
920 _aLAC : LC0909. This item is reserved for lecturers of the Language Centre.
999 _c21246